Normal view
MARC view
- Kanetkar, T. P .
Entry Personal Name
001 - CONTROL NUMBER
- control field: 1395
003 - CONTROL NUMBER IDENTIFIER
- control field: OSt
005 - DATE AND TIME OF LATEST TRANSACTION
- control field: 20160901113829.0
008 - FIXED-LENGTH DATA ELEMENTS
- fixed length control field: 160901|| aca||aabn | a|a d
040 ## - CATALOGING SOURCE
- Original cataloging agency: OSt
- Transcribing agency: OSt
100 ## - HEADING--PERSONAL NAME
- Personal name: Kanetkar, T. P .
670 ## - SOURCE DATA FOUND
- Source citation: Work cat.: (OSt)10341: Kanetkar, T. P ., Surveying and Levelling, Part 1 / , 1993,2008
